000 00762nam a22002297a 4500
005 20240521122417.0
010 _aENG-140398
020 _a9789380261904
_c1895.00
035 _aEN-123930
037 _bDBAD
082 _a409.54
100 _aWar, J.
_966614
245 _aTibeto-Burman Linguistics of North East India/
_cEdited by J. War...[et.al]
260 _aAssam
_bEBH Publishers, an imprint of Eastern Book House
_c2014
270 _a136, M.L. Nehru Road, Panbazar, Guwahati
_bAssam
_e781001
300 _a256 p.
_c24cm, (hb}
700 _aEdited by War, J.
_966297
700 _aEdited by Singh, S.K.
_966608
700 _aEdited by Lyngdoh, A.
_966610
700 _aEdited by Khyriem B.
_966612
942 _2ddc
_cEN
_h409.54
_mTIB
999 _c203082
_d203082